Rekreačná oblasť vinného kraja Čertova Pec pri Radošinej, okres Topoľčany

Podrobná bibliografia
Ďalší autori: Nový, Jozef, 1921-1995 (Fotograf)
Médium: Pohľadnica
Jazyk:slovenčina
Fyzický popis:1 pohľadnica čiernobiela 11 x 15 cm
Vydavateľské údaje: Bratislava Pressfoto 1968
Predmet:

MARC

LEADER 00000nkm a2200000 a 4500
001 vtls010690812
003 SK-MaSNL
005 20260512124532.0
007 kp bo
008 231206s1968 xo g kuslo
015 |a SNBG 
035 |a 3CD50045-DDFB-4A40-877F-9C92AAF4FF96 
035 |a urn:nbn:sk:snk-kmxy6n 
035 |a urn:nbn:sk:snk-km004x8s 
040 |a SNK  |b slo  |c SNK  |e AACR2 
041 0 |a slo 
043 |a e-xo--- 
044 |a xo  |c SK 
080 |a 908(437.6)  |2 2001 
080 |a (084.121)  |2 2001 
080 |a 640.443  |2 2001 
080 |a 721  |2 2001 
100 1 |a Nový, Jozef,  |d 1921-1995  |4 pht  |9 37110 
245 1 0 |a Rekreačná oblasť vinného kraja Čertova Pec pri Radošinej, okres Topoľčany  |h grafika  |c foto: J. Nový 
260 |a Bratislava  |b Pressfoto  |c 1968 
300 |a 1 pohľadnica  |b čiernobiela  |c 11 x 15 cm 
610 2 7 |a Vináreň Čertova Pec (Radošina, Slovensko)  |2 SNKKA  |9 605746 
650 0 7 |a vinárne  |2 SNKPH  |9 30678 
650 0 7 |a budovy  |2 SNKPH  |9 1283 
651 7 |a Radošina (Slovensko)  |2 SNKPH  |9 69737 
655 7 |a miestne pohľadnice  |2 SNKPH  |9 70510 
852 |a Slovenská národná knižnica 
958 |a GC 
958 |a GBN 
958 |a OND 
999 |c 929170  |d 931100 
952 |a SNK  |b SNK  |y PREZ  |7 0  |p 17A1140980  |o snkSP 775  |0 0  |1 0  |4 0  |d 2015-07-07  |f 1  |l 0  |r 2026-02-24 08:43:34  |w 2026-02-24